[Event "SR 2. liga A 2009/2010"]
[Site "?"]
[Date "2009.11.07"]
[Round "3.4"]
[White "Tepper, Frantisek"]
[Black "Bisco, Igor"]
[Result "1/2-1/2"]
[WhiteElo "2169"]
[BlackElo "2144"]
[PlyCount "28"]
[EventDate "2009.??.??"]
[WhiteTeam "Slovakia"]
[BlackTeam "II"]
[WhiteTeamCountry "SVK"]
[BlackTeamCountry "SVK"]

1. e4 e5 2. Nf3 Nc6 3. Bc4 Bc5 4. d3 Nf6 5. c3 Be7 6. O-O O-O 7. Re1 d6 8. d4
Bg4 9. d5 Nb8 10. Bd3 Ne8 11. h3 Bc8 12. Nbd2 g6 13. Nf1 f5 14. exf5 gxf5
1/2-1/2

[Event "SR 2. liga A 2009/2010"]
[Site "?"]
[Date "2009.11.07"]
[Round "3.5"]
[White "Hecko, Dusan"]
[Black "Szollos, Ondrej"]
[Result "1-0"]
[WhiteElo "2115"]
[BlackElo "2088"]
[Annotator "Fritz 9 (20s)"]
[PlyCount "87"]
[EventDate "2009.??.??"]
[WhiteTeam "Slovakia"]
[BlackTeam "II"]
[WhiteTeamCountry "SVK"]
[BlackTeamCountry "SVK"]

{A21: English Opening: 1...e5 2 Nc3} 1. c4 e5 2. Nc3 d6 3. g3 c6 4. Bg2 Be6 5.
d3 Qc7 ({kniz. Fritz} 5... Nf6 6. Nf3 Be7 7. O-O O-O 8. c5 h6 9. cxd6 Bxd6 10.
b3 Nbd7 11. Bb2 Qe7 12. Qc2 Bg4 13. h3 Bxf3) 6. Nf3 Be7 7. O-O Nd7 8. Bd2 $2 (
8. Ng5 Bf5 $14) 8... Ngf6 9. b4 $2 h6 10. b5 O-O 11. Qc2 d5 12. cxd5 (12. d4 $5
$11) 12... cxd5 $15 13. Rfc1 Rac8 14. Qb2 b6 $4 15. Nxd5 $1 $18 Nxd5 16. Rxc7
Rxc7 17. Rc1 Rxc1+ 18. Bxc1 Rc8 19. Bd2 Bd6 20. h3 f5 21. Ne1 N7f6 22. Nc2 Bf7
23. Ne3 Nxe3 24. Bxe3 Nd5 25. Bd2 Rc7 26. Bf3 f4 27. gxf4 Nxf4 28. Bxf4 exf4
29. Qd4 {po rozohrati damy je vysledok jasny} Rc1+ 30. Kg2 Bc7 31. Bd5 Rc5 32.
Bxf7+ Kxf7 33. Kf3 Kf8 34. a4 Kf7 35. Qd7+ Kg6 36. d4 Rc3+ 37. Ke4 Kh7 38. e3
fxe3 39. fxe3 Bh2 40. Qxa7 Bg1 41. Qxb6 Rxe3+ 42. Kd5 Rxh3 43. a5 Rh5+ 44. Kc4
1-0

[Event "SR 2. liga A 2009/2010"]
[Site "?"]
[Date "2009.11.07"]
[Round "3.5"]
[White "Hertel, Ondrej"]
[Black "Mikulas, Dusan"]
[Result "1-0"]
[WhiteElo "2051"]
[BlackElo "2210"]
[PlyCount "75"]
[EventDate "2009.??.??"]
[WhiteTeam "Slovakia"]
[BlackTeam "II"]
[WhiteTeamCountry "SVK"]
[BlackTeamCountry "SVK"]

1. d4 d5 2. Nf3 Nf6 3. c4 c6 4. Nc3 e6 5. Bg5 Nbd7 6. e3 Be7 7. Rc1 O-O 8. Bd3
dxc4 9. Bxc4 b5 10. Bd3 Bb7 11. e4 a6 12. e5 Nd5 13. Bxe7 Nxc3 14. Rxc3 Qxe7
15. Be4 Rac8 16. Qc2 h6 17. Bxc6 b4 18. Bxb7 bxc3 19. Bxc8 Rxc8 20. bxc3 Qa3
21. Kd2 Nb6 22. Rb1 Nd5 23. Rb3 Qa5 24. Ne1 Qd8 25. Nf3 Qa5 26. h4 g6 27. Qb2
Kg7 28. g3 Rc4 29. Kd3 Ra4 30. a3 Qc7 31. Nd2 Ne7 32. Rb4 Rxb4 33. Qxb4 Nf5 34.
Ne4 Qd7 35. Nd6 Qc6 36. Qb7 Qa4 37. Qxf7+ Kh8 38. Qe8+ 1-0

[Event "SR 2. liga A 2009/2010"]
[Site "?"]
[Date "2009.11.07"]
[Round "3.5"]
[White "Liptak, Dusan"]
[Black "Krajnak, Robert"]
[Result "1/2-1/2"]
[WhiteElo "1916"]
[BlackElo "2096"]
[PlyCount "65"]
[EventDate "2009.??.??"]
[WhiteTeam "Slovakia"]
[BlackTeam "II"]
[WhiteTeamCountry "SVK"]
[BlackTeamCountry "SVK"]

1. d4 Nf6 2. c4 e6 3. Nf3 b6 4. a3 Bb7 5. Nc3 Be7 6. d5 O-O 7. e4 exd5 8. e5
Ne4 9. cxd5 Nxc3 10. bxc3 d6 11. exd6 Qxd6 12. c4 c6 13. dxc6 Qxd1+ 14. Kxd1
Nxc6 15. Bd3 Bf6 16. Ra2 Rac8 17. Be3 Na5 18. Rc2 Ba6 19. Nd2 Be7 20. Rc3 Bc5
21. Re1 Rfd8 22. Bxc5 Rxc5 23. Re7 Bb7 24. g3 Kf8 25. Re3 Rd4 26. Kc2 Bc6 27.
Kb2 g6 28. Nb3 Nxb3 29. Kxb3 a5 30. Rc2 Bd7 31. f4 Be6 32. Kc3 Rd6 33. Rb2
1/2-1/2

[Event "SR 2. liga A 2009/2010"]
[Site "?"]
[Date "2009.11.07"]
[Round "3.5"]
[White "Michal, Silvio"]
[Black "Padysak, Tomas"]
[Result "1-0"]
[WhiteElo "2105"]
[BlackElo "2022"]
[PlyCount "115"]
[EventDate "2009.??.??"]
[WhiteTeam "Slovakia"]
[BlackTeam "II"]
[WhiteTeamCountry "SVK"]
[BlackTeamCountry "SVK"]

1. c4 e5 2. Nc3 Nc6 3. Nf3 g6 4. d3 d6 5. Be3 Bg7 6. g3 Bg4 7. Bg2 Qd7 8. h3
Bf5 9. g4 Be6 10. Ng5 Nge7 11. Qd2 f5 12. Nxe6 Qxe6 13. Nb5 Qd7 14. Bh6 Bxh6
15. Qxh6 O-O-O 16. Qe3 Kb8 17. g5 a6 18. Nc3 Nd4 19. Qd2 c6 20. b4 d5 21. b5
dxc4 22. bxa6 cxd3 23. Rb1 Nc2+ 24. Kf1 b5 25. Nxb5 cxb5 26. a7+ Qxa7 27. Rxb5+
Kc8 28. Qc3+ Kd7 29. Qxd3+ Ke8 30. Qxc2 Qd7 31. Rb1 e4 32. e3 Rf8 33. Ke2 Rc8
34. Qb3 Nd5 35. Rhc1 Ke7 36. Kf1 Rxc1+ 37. Rxc1 Rd8 38. Kg1 Qd6 39. Qb2 Kf7 40.
Rd1 Qc6 41. Qb3 Ke7 42. Bf1 Rd6 43. a4 Nb6 44. Rxd6 Kxd6 45. a5 Nd7 46. a6 Nb6
47. Qg8 Qc7 48. Qf8+ Kc6 49. h4 Nd7 50. Qb4 Ne5 51. Be2 Kd7 52. Qa4+ Nc6 53.
Bb5 Kd6 54. Qa3+ Kd5 55. Bxc6+ Qxc6 56. a7 Qa8 57. Qb3+ Kc6 58. Qb8 1-0

[Event "SR 2. liga A 2009/2010"]
[Site "?"]
[Date "2009.11.07"]
[Round "3.5"]
[White "Mosny, Jaroslav"]
[Black "Kundrak, Vladimir"]
[Result "0-1"]
[WhiteElo "2014"]
[BlackElo "1936"]
[PlyCount "58"]
[EventDate "2009.??.??"]
[WhiteTeam "Slovakia"]
[BlackTeam "II"]
[WhiteTeamCountry "SVK"]
[BlackTeamCountry "SVK"]

1. d4 d5 2. c4 e6 3. Nc3 c6 4. Nf3 dxc4 5. a4 Bb4 6. e3 b5 7. Ne5 Nf6 8. Bd2 a5
9. g3 Bxc3 10. bxc3 Qd5 11. Rg1 O-O 12. Bg2 Ne4 13. f3 Nxd2 14. Qxd2 f6 15. f4
Qd6 16. Ng4 b4 17. Nf2 f5 18. g4 Nd7 19. e4 fxe4 20. Nxe4 Qxf4 21. Rf1 Qxg4 22.
Rxf8+ Nxf8 23. Qg5 Qxg5 24. Nxg5 Bd7 25. Bf1 Rb8 26. Rb1 c5 27. dxc5 Bxa4 28.
Bxc4 h6 29. Ne4 Bc2 0-1

[Event "SR 2. liga A 2009/2010"]
[Site "?"]
[Date "2009.11.07"]
[Round "3.5"]
[White "Slaby, Jozef"]
[Black "Partys, Petr"]
[Result "0-1"]
[WhiteElo "1963"]
[BlackElo "1990"]
[PlyCount "132"]
[EventDate "2009.??.??"]
[WhiteTeam "Slovakia"]
[BlackTeam "II"]
[WhiteTeamCountry "SVK"]
[BlackTeamCountry "SVK"]

1. d4 Nf6 2. c4 e6 3. Nf3 Bb4+ 4. Bd2 c5 5. Bxb4 cxb4 6. Nbd2 d5 7. e3 O-O 8.
Bd3 Nc6 9. O-O Bd7 10. c5 Qe7 11. Qc2 Rac8 12. Bb5 b6 13. Bxc6 Bxc6 14. Rfc1
Bb5 15. a3 bxc5 16. dxc5 bxa3 17. Rxa3 e5 18. Rc3 Rc6 19. h3 Re8 20. Qb3 a6 21.
Qb4 Rd8 22. Qh4 Re8 23. Qg5 h6 24. Qh4 Qd7 25. Ra3 Qf5 26. Qg3 Be2 27. Rac3 Kh7
28. Re1 Bb5 29. Rec1 Re7 30. Qh4 g5 31. Qg3 Re8 32. Rb3 Nd7 33. Rbc3 Rg8 34.
Qg4 Qxg4 35. hxg4 Kg6 36. Nb3 Rgc8 37. Nfd2 Kf6 38. g3 Ke7 39. Kg2 a5 40. Nxa5
Rxc5 41. Rxc5 Rxc5 42. Rxc5 Nxc5 43. f4 Ke6 44. Nf3 f6 45. b4 Nd3 46. Nb3 Kd6
47. Nbd2 Nxb4 48. Ne1 Bd7 49. fxe5+ fxe5 50. e4 Bxg4 51. exd5 Kxd5 52. Kf2 Kd4
53. Nb3+ Kc3 54. Nc5 Kc4 55. Ne4 Nd3+ 56. Kf1 Nxe1 57. Kxe1 Kd4 58. Nd2 e4 59.
Nf1 h5 60. Kd2 h4 61. gxh4 gxh4 62. Nh2 e3+ 63. Ke1 Bh5 64. Nf1 Ke4 65. Nh2 Kf4
66. Nf1 h3 0-1

[Event "SR 2. liga A 2009/2010"]
[Site "?"]
[Date "2009.11.07"]
[Round "3.6"]
[White "Antala, Jan"]
[Black "Diviak, Rastislav"]
[Result "0-1"]
[WhiteElo "1982"]
[BlackElo "2043"]
[PlyCount "84"]
[EventDate "2009.??.??"]
[WhiteTeam "Slovakia"]
[BlackTeam "II"]
[WhiteTeamCountry "SVK"]
[BlackTeamCountry "SVK"]

1. e4 c5 2. Nf3 d6 3. d4 cxd4 4. c3 dxc3 5. Nxc3 Nc6 6. Bc4 e6 7. O-O a6 8. Qe2
Nf6 9. Rd1 Qc7 10. Bf4 e5 11. Bg5 Be6 12. Nd5 Bxd5 13. exd5 Nd8 14. Rac1 Qd7
15. Nh4 Be7 16. f4 O-O 17. Rc3 h6 18. Bxf6 Bxf6 19. Rh3 Re8 20. Qh5 Bxh4 21.
Rxh4 b5 22. Be2 exf4 23. Rxf4 Qa7+ 24. Rf2 Rc8 25. Bd3 Re5 26. Qf3 Rc7 27. g3
Rce7 28. Kg2 Qe3 29. Qg4 Qc5 30. Rc2 Qxd5+ 31. Qf3 Qxf3+ 32. Kxf3 Ne6 33. Rc8+
Nf8 34. Rc6 Re3+ 35. Kf2 Ng6 36. Rxd6 R3e6 37. Bf5 Re2+ 38. Kg1 Rxb2 39. Rxa6
Ree2 40. Rd8+ Kh7 41. Bxg6+ fxg6 42. Rd1 Rg2+ 0-1

[Event "SR 2. liga A 2009/2010"]
[Site "?"]
[Date "2009.11.07"]
[Round "3.6"]
[White "Grich, Juraj"]
[Black "Zacik, Anton"]
[Result "1-0"]
[WhiteElo "1989"]
[BlackElo "2018"]
[PlyCount "83"]
[EventDate "2009.??.??"]
[WhiteTeam "Slovakia"]
[BlackTeam "II"]
[WhiteTeamCountry "SVK"]
[BlackTeamCountry "SVK"]

1. d4 Nf6 2. c4 g6 3. Nc3 d5 4. cxd5 Nxd5 5. e4 Nxc3 6. bxc3 Bg7 7. Bc4 c5 8.
Ne2 Nc6 9. Be3 cxd4 10. cxd4 O-O 11. O-O Bg4 12. f3 Na5 13. Bd3 Be6 14. Rc1 a6
15. Qd2 b5 16. d5 Bd7 17. Nd4 Rc8 18. Rxc8 Bxc8 19. Rc1 Bd7 20. Be2 Be5 21. f4
Bc7 22. e5 Qb8 23. Nb3 Nxb3 24. axb3 Bb6 25. Bf3 Qa7 26. Bxb6 Qxb6+ 27. Qf2
Qxf2+ 28. Kxf2 Rc8 29. Rxc8+ Bxc8 30. b4 Kf8 31. Ke3 Ke8 32. Kd4 Kd8 33. Kc5
Kc7 34. d6+ exd6+ 35. exd6+ Kd8 36. Bc6 f6 37. Kb6 g5 38. fxg5 fxg5 39. Bb7 a5
40. bxa5 b4 41. Bxc8 Kxc8 42. a6 1-0

[Event "SR 2. liga A 2009/2010"]
[Site "?"]
[Date "2009.11.07"]
[Round "3.6"]
[White "Jelenciak, Jozef"]
[Black "Lukac, Tomas"]
[Result "1/2-1/2"]
[WhiteElo "2013"]
[BlackElo "1932"]
[PlyCount "80"]
[EventDate "2009.??.??"]
[WhiteTeam "Slovakia"]
[BlackTeam "II"]
[WhiteTeamCountry "SVK"]
[BlackTeamCountry "SVK"]

1. e4 c5 2. Nc3 e6 3. Bc4 d6 4. d3 Nc6 5. f4 Nf6 6. Nf3 Be7 7. O-O a6 8. a4 d5
9. Ba2 dxe4 10. Nxe4 Nxe4 11. dxe4 Qxd1 12. Rxd1 Nb4 13. Bb3 c4 14. Bxc4 Nxc2
15. Rb1 Bc5+ 16. Kh1 Bd7 17. Bb3 Ne3 18. Bxe3 Bxe3 19. Ne5 Bc6 20. Nxc6 bxc6
21. g3 c5 22. Bc4 Ke7 23. b4 Rhd8 24. Rxd8 Kxd8 25. f5 cxb4 26. Rxb4 a5 27. Rb7
Ra7 28. Rxa7 Bxa7 29. fxe6 fxe6 30. Bxe6 Ke7 31. Bg8 h6 32. Kg2 Bd4 33. h4 Kf6
34. Kf3 Be5 35. Kg4 Bc7 36. Kh3 Be5 37. g4 Bc7 38. Kg2 Ke5 39. Kf3 Kf6 40. Bd5
Be5 1/2-1/2

[Event "SR 2. liga A 2009/2010"]
[Site "?"]
[Date "2009.11.07"]
[Round "3.6"]
[White "Kolman, Richard"]
[Black "Peska, Juraj"]
[Result "1-0"]
[WhiteElo "2105"]
[BlackElo "1959"]
[PlyCount "95"]
[EventDate "2009.??.??"]
[WhiteTeam "Slovakia"]
[BlackTeam "II"]
[WhiteTeamCountry "SVK"]
[BlackTeamCountry "SVK"]

1. d4 Nf6 2. Nf3 e6 3. Bg5 Be7 4. e3 O-O 5. Bd3 b6 6. Nbd2 Bb7 7. O-O d5 8. Ne5
Nbd7 9. f4 h6 10. Bh4 Ne4 11. Bxe7 Qxe7 12. c3 Nxd2 13. Qxd2 Nxe5 14. fxe5 f6
15. exf6 Rxf6 16. Rxf6 Qxf6 17. Rf1 Qe7 18. Qf2 Rc8 19. Bb1 Ba6 20. Re1 Rf8 21.
Qc2 Qf6 22. h3 Qf5 23. Qxf5 exf5 24. Kf2 Rf6 25. Kf3 g5 26. h4 Kf7 27. hxg5
hxg5 28. Rh1 Kg7 29. Rh5 Kg6 30. Rh8 Bb5 31. Rc8 Rf7 32. g4 Kf6 33. Bxf5 a5 34.
Rg8 Rg7 35. Rxg7 Kxg7 36. e4 dxe4+ 37. Kxe4 Kf6 38. Kd5 Be8 39. b3 a4 40. bxa4
Bxa4 41. c4 Be8 42. c5 b5 43. a3 Ke7 44. Ke5 Bf7 45. d5 Be8 46. d6+ cxd6+ 47.
cxd6+ Kd8 48. Kf6 1-0

[Event "SR 2. liga A 2009/2010"]
[Site "?"]
[Date "2009.11.07"]
[Round "3.6"]
[White "Merva, Frantisek"]
[Black "Gono, Michal"]
[Result "0-1"]
[WhiteElo "2053"]
[BlackElo "1852"]
[PlyCount "92"]
[EventDate "2009.??.??"]
[WhiteTeam "Slovakia"]
[BlackTeam "II"]
[WhiteTeamCountry "SVK"]
[BlackTeamCountry "SVK"]

1. d4 d5 2. c4 dxc4 3. e3 e5 4. Bxc4 exd4 5. exd4 Bb4+ 6. Nc3 Qe7+ 7. Nge2
Bxc3+ 8. bxc3 Nf6 9. a4 c5 10. dxc5 Qxc5 11. Bb5+ Bd7 12. Ba3 Qd5 13. O-O Nc6
14. Nf4 Qxd1 15. Raxd1 O-O-O 16. Bc5 Ne4 17. Ba3 a6 18. Bd3 Nxc3 19. Rc1 Nxa4
20. Nd5 Kb8 21. Ne7 Nxe7 22. Bxe7 Rc8 23. Rb1 Nc3 24. Rb3 Bb5 25. Bd6+ Ka7 26.
Bxb5 Nxb5 27. Bf4 Nc3 28. Be3+ Ka8 29. g3 Rhe8 30. Kg2 Nd5 31. Bd4 g6 32. Rb2
f5 33. Ra1 Rc4 34. Rd1 Rd8 35. Rbd2 Nb4 36. Be3 Rxd2 37. Rxd2 b5 38. Rd7 h5 39.
Rg7 Rc6 40. Kf3 Nc2 41. Bf4 b4 42. Ke2 b3 43. Kd2 b2 44. Rg8+ Ka7 45. Rb8 Na3
46. Rxb2 Nc4+ 0-1

[Event "SR 2. liga A 2009/2010"]
[Site "?"]
[Date "2009.11.07"]
[Round "3.6"]
[White "Soldan, Jan"]
[Black "Krist, Milan"]
[Result "0-1"]
[WhiteElo "1909"]
[BlackElo "2013"]
[PlyCount "104"]
[EventDate "2009.??.??"]
[WhiteTeam "Slovakia"]
[BlackTeam "II"]
[WhiteTeamCountry "SVK"]
[BlackTeamCountry "SVK"]

1. e4 e6 2. d4 d5 3. Nc3 Nf6 4. e5 Nfd7 5. Nf3 c5 6. Be3 Nc6 7. Bb5 cxd4 8.
Bxd4 a6 9. Ba4 b5 10. Bb3 Nxd4 11. Qxd4 Bc5 12. Qg4 O-O 13. O-O Bb7 14. Ne2 Qc7
15. Qg3 d4 16. Nexd4 Bxd4 17. Nxd4 Qxe5 18. Qxe5 Nxe5 19. Rfe1 Ng6 20. Re3 Rfd8
21. c3 b4 22. Rd1 bxc3 23. Rxc3 Nf4 24. Rc7 Bxg2 25. f3 Rxd4 26. Rxd4 Ne2+ 27.
Kxg2 Nxd4 28. Bc4 g6 29. b3 a5 30. Rd7 Nc6 31. f4 Rd8 32. Rxd8+ Nxd8 33. Kf3
Kf8 34. Ke4 Ke7 35. a3 Kd6 36. Bb5 f6 37. h4 Nb7 38. b4 axb4 39. axb4 Nd8 40.
Be8 Ke7 41. Ba4 Kd6 42. Kd4 Nc6+ 43. Kc4 Ne7 44. b5 Nd5 45. Kd4 Nxf4 46. b6 Nd5
47. b7 Kc7 48. Bc6 Ne7 49. Bd7 Kxd7 50. b8=N+ Kd6 51. Na6 Nf5+ 52. Ke4 Nxh4 0-1

[Event "SR 2. liga A 2009/2010"]
[Site "?"]
[Date "2009.11.07"]
[Round "3.7"]
[White "Cajka, Tibor"]
[Black "Hurban, Martin"]
[Result "0-1"]
[WhiteElo "1932"]
[BlackElo "1958"]
[PlyCount "30"]
[EventDate "2009.??.??"]
[WhiteTeam "Slovakia"]
[BlackTeam "II"]
[WhiteTeamCountry "SVK"]
[BlackTeamCountry "SVK"]

1. d4 d5 2. c4 e6 3. Nc3 Nf6 4. cxd5 exd5 5. Bg5 Nbd7 6. Nxd5 Nxd5 7. Bd2 N7f6
8. Qc2 Nb4 9. Qa4+ Bd7 10. Qb3 Be6 11. Qa4+ b5 12. Qxb5+ c6 13. Qa4 Qxd4 14.
Kd1 Ne4 15. Nf3 Nxf2+ 0-1

[Event "SR 2. liga A 2009/2010"]
[Site "?"]
[Date "2009.11.07"]
[Round "3.7"]
[White "Gajarsky, Roman"]
[Black "Milanov, Jasen"]
[Result "0-1"]
[WhiteElo "1921"]
[BlackElo "2022"]
[PlyCount "90"]
[EventDate "2009.??.??"]
[WhiteTeam "Slovakia"]
[BlackTeam "II"]
[WhiteTeamCountry "SVK"]
[BlackTeamCountry "SVK"]

1. e4 e6 2. d4 d5 3. Nc3 dxe4 4. Nxe4 Nd7 5. Be3 Ngf6 6. Bd3 Nxe4 7. Bxe4 Nf6
8. Qf3 Nxe4 9. Qxe4 Be7 10. f4 Qd5 11. Qxd5 exd5 12. O-O-O Bg4 13. Rf1 Bf5 14.
Ne2 O-O-O 15. Ng3 Bd7 16. Re1 Rde8 17. c3 g6 18. Kd2 Bd6 19. Rhf1 Re7 20. Nh1
Rhe8 21. Nf2 Rxe3 22. Rxe3 Bxf4 23. Nd1 Bxe3+ 24. Nxe3 Be6 25. Rf6 Kd7 26. b3
Ke7 27. Rf2 Rd8 28. Kd3 c6 29. a4 f5 30. g3 Rf8 31. Ng2 g5 32. Re2 Kd7 33. Re5
h6 34. h4 f4 35. hxg5 f3 36. Nf4 Bf5+ 37. Rxf5 Rxf5 38. gxh6 Rf8 39. h7 Re8 40.
Nh3 f2 41. Nxf2 Rh8 42. Ng4 Ke6 43. c4 Rxh7 44. Ke3 Rh1 45. cxd5+ cxd5 0-1

[Event "SR 2. liga A 2009/2010"]
[Site "?"]
[Date "2009.11.07"]
[Round "3.7"]
[White "Kozinka, Jan"]
[Black "Farkas, Vladimir"]
[Result "0-1"]
[WhiteElo "1818"]
[BlackElo "1959"]
[PlyCount "80"]
[EventDate "2009.??.??"]
[WhiteTeam "Slovakia"]
[BlackTeam "II"]
[WhiteTeamCountry "SVK"]
[BlackTeamCountry "SVK"]

1. d4 Nf6 2. c4 d6 3. Nc3 g6 4. e4 Bg7 5. f4 c5 6. d5 O-O 7. Be2 e6 8. Nf3 a6
9. O-O exd5 10. exd5 Bf5 11. Bd3 Bg4 12. h3 Bd7 13. Bd2 Nh5 14. Kh2 Bf6 15. g4
Ng7 16. Qc2 Qc8 17. Ne4 Be7 18. Rae1 Re8 19. Bc3 Qd8 20. Bxg7 Kxg7 21. Qc3+ Kg8
22. Kg3 f6 23. h4 Bxg4 24. Nxf6+ Bxf6 25. Rxe8+ Qxe8 26. Qxf6 Bxf3 27. Rxf3 Nd7
28. Qc3 Qf7 29. h5 gxh5 30. Kg2 Nf6 31. Bf5 Ng4 32. Bxg4 hxg4 33. Rf2 Re8 34.
Kg3 Qf5 35. Qd2 Re4 36. b3 Rd4 37. Qc2 Rd3+ 38. Kg2 Qe4+ 39. Kf1 g3 40. Re2
Qh1# 0-1

[Event "SR 2. liga A 2009/2010"]
[Site "?"]
[Date "2009.11.07"]
[Round "3.7"]
[White "Smrek, Peter"]
[Black "Ujhelyi, Matus"]
[Result "0-1"]
[WhiteElo "1919"]
[BlackElo "1983"]
[PlyCount "102"]
[EventDate "2009.??.??"]
[WhiteTeam "Slovakia"]
[BlackTeam "II"]
[WhiteTeamCountry "SVK"]
[BlackTeamCountry "SVK"]

1. e4 e6 2. d4 d5 3. Nc3 dxe4 4. Nxe4 Nd7 5. Nf3 Ngf6 6. Bd3 Be7 7. O-O O-O 8.
h3 b6 9. c3 Bb7 10. Qc2 c5 11. dxc5 Nxe4 12. Bxe4 Bxe4 13. Qxe4 Nxc5 14. Qg4
Bf6 15. Be3 Qe7 16. Rfe1 Rad8 17. Nd4 Qb7 18. Rad1 Rd7 19. Bc1 Rfd8 20. b4 Na4
21. Bd2 Bxd4 22. cxd4 Nb2 23. Bh6 f5 24. Qg5 Nxd1 25. Bxg7 Rxg7 26. Qxd8+ Kf7
27. d5 Qxd5 28. Qxd5 exd5 29. Rxd1 Ke6 30. f4 Rc7 31. Rd2 Rc4 32. Re2+ Kd6 33.
g3 Rxb4 34. Re5 d4 35. Rxf5 d3 36. Kf2 Re4 37. Re5 d2 38. Rxe4 d1=Q 39. Re2 h5
40. Ke3 Qg1+ 41. Kf3 Qf1+ 42. Rf2 Qd3+ 43. Kg2 Qf5 44. Re2 a5 45. Re5 Qc2+ 46.
Kf3 Qc1 47. Kf2 Qd1 48. a4 Qxa4 49. Rxh5 Qc2+ 50. Ke3 Qc3+ 51. Kf2 Qd2+ 0-1

[Event "SR 2. liga A 2009/2010"]
[Site "?"]
[Date "2009.11.07"]
[Round "3.7"]
[White "Srna, Jan"]
[Black "Stefan, Oldrich"]
[Result "1/2-1/2"]
[WhiteElo "2008"]
[BlackElo "2015"]
[PlyCount "54"]
[EventDate "2009.??.??"]
[WhiteTeam "Slovakia"]
[BlackTeam "II"]
[WhiteTeamCountry "SVK"]
[BlackTeamCountry "SVK"]

1. d4 Nf6 2. Nf3 g6 3. b3 Bg7 4. Bb2 O-O 5. e3 d5 6. c4 e6 7. Nc3 b6 8. Be2 Bb7
9. O-O Nbd7 10. Rc1 Ne4 11. Nd2 Nxc3 12. Bxc3 c5 13. Nf3 Re8 14. Qd2 Rc8 15.
Rfd1 Nf6 16. Bb2 Ne4 17. Qe1 Qe7 18. Ba3 f6 19. Nd2 Bf8 20. Bf3 Nxd2 21. Rxd2
dxc4 22. Bxb7 Qxb7 23. bxc4 Qa6 24. Bb2 cxd4 25. Rxd4 e5 26. Rd7 Rxc4 27. Rxc4
Qxc4 1/2-1/2

[Event "SR 2. liga A 2009/2010"]
[Site "?"]
[Date "2009.11.07"]
[Round "3.7"]
[White "Svoboda, Adam"]
[Black "Horvath, Marek"]
[Result "1-0"]
[WhiteElo "1821"]
[BlackElo "1802"]
[PlyCount "81"]
[EventDate "2009.??.??"]
[WhiteTeam "Slovakia"]
[BlackTeam "II"]
[WhiteTeamCountry "SVK"]
[BlackTeamCountry "SVK"]

1. e4 e5 2. Nf3 Nf6 3. Nxe5 d6 4. Nf3 Nxe4 5. d4 d5 6. Bd3 Nc6 7. O-O Be7 8.
Re1 Bg4 9. c3 f5 10. Nbd2 O-O 11. Qb3 Na5 12. Qa4 c6 13. b4 Bxf3 14. Nxf3 Nc4
15. Qb3 b5 16. Qc2 a5 17. Bxc4 bxc4 18. Ne5 Qc7 19. bxa5 c5 20. f3 cxd4 21.
cxd4 Bb4 22. Rf1 Nd6 23. Bd2 Bxd2 24. Qxd2 c3 25. Qc2 Qxa5 26. Rfd1 Rfc8 27. a4
Qb4 28. Nd7 Nc4 29. Rd3 Na3 30. Qa2 Qb2 31. Qxa3 Rxa4 32. Qxa4 c2 33. Nc5 c1=Q+
34. Rxc1 Qxc1+ 35. Rd1 Qe3+ 36. Kh1 Re8 37. h3 h6 38. Qb3 Qf2 39. Qxd5+ Kh8 40.
Qxf5 Re2 41. Qg6 1-0

[Event "SR 2. liga A 2009/2010"]
[Site "?"]
[Date "2009.11.07"]
[Round "3.8"]
[White "Goga, Frantisek"]
[Black "Gajarsky, Julius"]
[Result "1/2-1/2"]
[WhiteElo "1984"]
[BlackElo "1802"]
[PlyCount "42"]
[EventDate "2009.??.??"]
[WhiteTeam "Slovakia"]
[BlackTeam "II"]
[WhiteTeamCountry "SVK"]
[BlackTeamCountry "SVK"]

1. e4 c5 2. Nf3 d6 3. d4 cxd4 4. Nxd4 Nf6 5. Nc3 a6 6. Be2 e6 7. Be3 Be7 8. O-O
O-O 9. Kh1 Nc6 10. Nb3 b5 11. a3 Bb7 12. f3 Ne5 13. Qe1 Qc7 14. Rd1 Nc4 15.
Bxc4 Qxc4 16. Qf2 Nd7 17. Na5 Qc7 18. Nxb7 Qxb7 19. Ne2 b4 20. axb4 Qxb4 21.
Bc1 Rfc8 1/2-1/2

[Event "SR 2. liga A 2009/2010"]
[Site "?"]
[Date "2009.11.07"]
[Round "3.8"]
[White "Hecht, Tomas"]
[Black "Kollarik, Gorazd"]
[Result "1-0"]
[WhiteElo "1991"]
[BlackElo "1898"]
[PlyCount "146"]
[EventDate "2009.??.??"]
[WhiteTeam "Slovakia"]
[BlackTeam "II"]
[WhiteTeamCountry "SVK"]
[BlackTeamCountry "SVK"]

1. e4 c5 2. c3 d6 3. d4 cxd4 4. cxd4 Nf6 5. Nc3 g6 6. Nf3 Bg7 7. Be2 O-O 8. O-O
b6 9. Bg5 Bb7 10. Bd3 Nbd7 11. Qd2 Ne8 12. Rfe1 Nc7 13. Bh6 Ne6 14. Bxg7 Kxg7
15. Bc4 Nc7 16. Ng5 h6 17. Nxf7 Rxf7 18. Bxf7 Kxf7 19. Qxh6 Qh8 20. Qf4+ Qf6
21. Qg4 Qe6 22. Qg3 Rh8 23. Re3 Kg7 24. Rae1 Qf6 25. Rd1 Qh4 26. Qxh4 Rxh4 27.
g3 Rh5 28. f4 Nf8 29. g4 Rh4 30. h3 Kf7 31. Kf2 Rh7 32. Kg3 Ke8 33. h4 Nd7 34.
f5 Nf8 35. fxg6 Nxg6 36. h5 Nf8 37. Rh1 Nfe6 38. d5 Ng5 39. Kf4 Nf7 40. g5 Ne5
41. Reh3 Bc8 42. Rh4 Kf8 43. g6 Rh6 44. Kg5 Kg7 45. Rf1 Bd7 46. Rhf4 Be8 47. a4
a6 48. b3 Rh8 49. Ne2 a5 50. Nd4 Kg8 51. Rc1 Nd3 52. Rxc7 Nxf4 53. Kxf4 Rxh5
54. Rxe7 Bxg6 55. Nf5 Bxf5 56. exf5 Kf8 57. Rb7 Rh4+ 58. Kg5 Rb4 59. Kf6 Ke8
60. Ke6 Kd8 61. Kxd6 Kc8 62. Rc7+ Kb8 63. Rc3 Rf4 64. Ke6 Re4+ 65. Kf7 Rd4 66.
f6 Rxd5 67. Ke8 Re5+ 68. Kf8 Rf5 69. f7 Rf1 70. Re3 Rc1 71. Ke7 Rc7+ 72. Kf6
Rc6+ 73. Re6 Rc8 1-0

[Event "SR 2. liga A 2009/2010"]
[Site "?"]
[Date "2009.11.07"]
[Round "3.8"]
[White "Labar, Eduard"]
[Black "Pekar, Jozef"]
[Result "1/2-1/2"]
[WhiteElo "2042"]
[BlackElo "1960"]
[PlyCount "89"]
[EventDate "2009.??.??"]
[WhiteTeam "Slovakia"]
[BlackTeam "II"]
[WhiteTeamCountry "SVK"]
[BlackTeamCountry "SVK"]

1. d4 Nf6 2. Nf3 g6 3. Bg5 Bg7 4. e3 O-O 5. Bc4 c5 6. c3 d5 7. Be2 Bf5 8. Nbd2
Nbd7 9. O-O Rc8 10. h3 Re8 11. g4 Be4 12. Bf4 e6 13. Ne5 c4 14. f3 Bd3 15. Nxd3
cxd3 16. Bxd3 e5 17. Bg3 Qb6 18. Qb3 exd4 19. exd4 Re3 20. Bb5 Rce8 21. Rae1
Qe6 22. Qd1 Qb6 23. Qb3 Qe6 24. Bf2 Rxe1 25. Rxe1 Qd6 26. Rxe8+ Nxe8 27. Nf1
Bh6 28. Qc2 Nc7 29. Bxd7 Qxd7 30. Qe2 Ne6 31. Bg3 Nf4 32. Bxf4 Bxf4 33. Kg2 Kf8
34. Qf2 Qb5 35. Qc2 a6 36. Ng3 Qa5 37. Ne2 Bd6 38. a3 Qc7 39. Qd2 Kg7 40. Qe3
Qb6 41. Qd2 Qc7 42. Nc1 Bf4 43. Qe1 Qc4 44. Ne2 Bb8 45. Qd2 1/2-1/2

[Event "SR 2. liga A 2009/2010"]
[Site "?"]
[Date "2009.11.07"]
[Round "3.8"]
[White "Sosovicka, Matej"]
[Black "Pericka, Tomas"]
[Result "1/2-1/2"]
[WhiteElo "1832"]
[BlackElo "1910"]
[PlyCount "114"]
[EventDate "2009.??.??"]
[WhiteTeam "Slovakia"]
[BlackTeam "II"]
[WhiteTeamCountry "SVK"]
[BlackTeamCountry "SVK"]

1. e4 c5 2. Nf3 Nc6 3. d4 cxd4 4. Nxd4 g6 5. c4 Bg7 6. Be3 Nf6 7. Nc3 Ng4 8.
Qxg4 Nxd4 9. Qd1 e5 10. Bd3 O-O 11. O-O d6 12. Qd2 Be6 13. Rac1 Rc8 14. b3 a6
15. f3 Qa5 16. Rfd1 Rc7 17. Nd5 Qxd2 18. Bxd2 Bxd5 19. cxd5 Rfc8 20. Rxc7 Rxc7
21. Bb4 Bf8 22. Kf2 Be7 23. Bd2 Kf8 24. Rc1 Rxc1 25. Bxc1 Bd8 26. Kg3 Ke7 27.
Kf2 Bb6 28. Be3 Kd7 29. Bxd4 Bxd4+ 30. Ke2 Kc7 31. Kd2 Kb6 32. Kc2 Kc5 33. h3
Bf2 34. Kd2 Kd4 35. a4 Bg3 36. Bc4 f5 37. Bd3 fxe4 38. fxe4 Bf4+ 39. Ke2 h5 40.
Bc2 Kc3 41. Bd1 g5 42. Kf3 Kd2 43. Be2 g4+ 44. hxg4 hxg4+ 45. Kf2 Be3+ 46. Kf1
g3 47. b4 Bd4 48. b5 a5 49. Bg4 Ke3 50. Bf5 Bc3 51. Bg6 b6 52. Bf5 Kd3 53. Bg6
Kd4 54. Bf5 Kc4 55. Bg4 Kd3 56. Bf5 Kc2 57. Bg4 Kd2 1/2-1/2